Państwa według zdjęcia #4 - Statystyki

Ogólne statystyki
  • Ten quiz został rozwiązany 2 974 razy
  • Średni wynik to 7 z 15
Statystyki odpowiedzi
Obrazkowy Odpowiedź % Poprawnych
Grecja
99%
Korea Północna
98%
Włochy
96%
Nepal
83%
Chiny
65%
Maroko
48%
Sudan
46%
Belgia
37%
Portugalia
35%
Mjanma
33%
Meksyk
29%
Pakistan
25%
Mali
19%
Monako
17%
Sri Lanka
13%
Nie znaleziono quizów pasujących do podanych kryteriów
Rozkład punktacji
Procent ludzi z każdym wynikiem
Percentyl według liczby udzielonych odpowiedzi
Twoja historia wyników
Nie rozwiązałeś tego quizu